008220000a220009700045001000020000002450086000203000040001065200504001466500016006507730058006661 aWinters, Alicia10aOllas, lentejas y queso... Brindando esperanza a los desplazados por la violencia aNum. 39 (2001/2), Páginas 44 - 51 aEste estudio del relato de la rebelión de Absalón examina la situación de David como una persona internamente desplazada que huyó la violencia, notando semejanzas y diferencias con la situación de los desplazados en América Latina hoy y destacando las maneras en que acciones sencillas de ayuda humanitaria y organización comunitaria brindaron esperanza a David y su comitiva y pueden brindar esperanza a los desplazados hoy día en medio del terror, la pobreza, y la desesperación.14aDESPLAZADOS0 tRevista de Interpretación Bíblica Latinoamericana